| 000 | 00906nam a2200217Ia 4500 | ||
|---|---|---|---|
| 001 | 10509 | ||
| 003 | GE_BSU | ||
| 008 | 181216s||||||||xx |||||||||||||| ||und|| | ||
| 020 | _a9994008382 | ||
| 040 | _cGE_BSU | ||
| 100 | _aკვიციანი,ტარიელ; ფაჩულია,ვაჟა; გარდაფხაძე,თამაზ. | ||
| 245 | _aთეორიული მექანიკა, წერტილის დინამიკა. | ||
| 245 | _bსახელმძღვ.ტექნ.სპეც.სტუდ. | ||
| 260 | _aთბ. | ||
| 260 | _bტექნიკური უნივერსიტეტი. | ||
| 260 | _c2006. | ||
| 300 | _a238გვ. 20სმ. ბიბლიოგრ.: გვ.235. | ||
| 541 | _h18ლ. | ||
| 653 | _aთეორიული მექანიკა, წერტილის დინამიკა. | ||
| 942 | _cBK | ||
| 999 |
_c43764 _d43764 |
||